000
00256nam a22001217a 4500
040
_c
HS
082
_a
355
110
_a
FAO
245
_a
A trouble-shooters guide to forestry extension problems
260
_a
Rome
_b
FAO
_c
1997
300
_a
90p;
942
_c
EK
999
_c
9124
_d
9124